000 00375nam a2200133Ia 4500
008 231129s9999||||xx |||||||||||||| ||spa||
020 _a84-345-7848-4
040 _bspa
082 _a339.48 C965s
100 _aCueto Juan
245 0 _aLa sociedad de consumo de masas
264 _aMadrid EspaƱa : Salvat Editores
942 _2ddc
_cBKS
999 _c18236
_d18236